| 000 | 00379nam a2200145Ia 4500 | ||
|---|---|---|---|
| 008 | 230711s9999||||xx |||||||||||||| ||und|| | ||
| 041 | _aENG | ||
| 082 |
_a621 _bMI-E |
||
| 100 | _aMileaf,Harry | ||
| 245 | 0 | _aElectrical test equipment | |
| 250 | _a23th Ed. | ||
| 260 |
_c1989 _aNew York _bAll India Technical Education Publications |
||
| 650 | _aElectrical Engineering | ||
| 942 | _cBK | ||
| 999 |
_c648 _d648 |
||